000 00657cam a22002293a 4500
001 41709
003 PGUSA
005 20140828083936.0
008 121226s2012||||xxu|||||s|||||000 | eng d
040 _aPGUSA
_beng
042 _adc
100 1 _aBurwell, Letitia M.
245 1 2 _aA Girl's Life in Virginia before the War
_h[electronic resource] /
_cLetitia M. Burwell
260 _bProject Gutenberg,
_c2012
506 _aPublic domain in the USA.
516 _aElectronic text
700 1 _aTurcas, Jules
700 1 _aMcCullough, William A.
830 0 _aProject Gutenberg
_v41709
856 4 0 _uhttp://www.gutenberg.org/ebooks/41709
942 _cEB
999 _c270961
_d270961